The Criminal Procedure Code 1973 (Record no. 851565)

MARC details
000 -LEADER
fixed length control field 00373nam a2200145Ia 4500
008 - FIXED-LENGTH DATA ELEMENTS--GENERAL INFORMATION
fixed length control field 230817s2009 xx 000 0 und d
041 ## - LANGUAGE CODE
Language code of text/sound track or separate title eng
082 ## - DEWEY DECIMAL CLASSIFICATION NUMBER
Classification number 34301/RED
100 ## - MAIN ENTRY--PERSONAL NAME
Personal name Reddi Padala Rama
245 ## - TITLE STATEMENT
Title The Criminal Procedure Code 1973
250 ## - EDITION STATEMENT
Edition statement 10th Ed
260 ## - PUBLICATION, DISTRIBUTION, ETC.
Place of publication, distribution, etc. Hyderabad
Name of publisher, distributor, etc. Asia Law House
Date of publication, distribution, etc. 2009
300 ## - PHYSICAL DESCRIPTION
Extent 441p
650 ## - SUBJECT ADDED ENTRY--TOPICAL TERM
Topical term or geographic name entry element CRIMINAL PROCEDURE CODE
Holdings
Withdrawn status Lost status Damaged status Not for loan Home library Current library Date acquired Total Checkouts Full call number Barcode Date last seen Price effective from Koha item type
        Yashwantrao Chavan Law College,Karad YLK Yashwantrao Chavan Law College,Karad YLK 30/03/2011   34301/RED YLK-SW-478 17/08/2023 17/08/2023 Book